Visualizzazione normale
Vista MARC
- uomo
di Topical Term
Records bibliografici associati: 15
001 - CONTROL NUMBER
- control field: 56127
003 - CONTROL NUMBER IDENTIFIER
- control field: IT-RoPau
005 - DATE AND TIME OF LATEST TRANSACTION
- control field: 20161229171139.0
008 - FIXED-LENGTH DATA ELEMENTS
- fixed length control field: 161229|| aca||aabn | a|a d
040 ## - CATALOGING SOURCE
- Original cataloging agency: IT-RoPau
- Transcribing agency: IT-RoPau
150 ## - HEADING--TOPICAL TERM
- Topical term or geographic name entry element: uomo
670 ## - SOURCE DATA FOUND
- Source citation: Work cat.: (IT-RoPau): Vanni Antonello 56126, Uomini che imparano ad amare, 2016